<?xml version="1.0" encoding="UTF-8"?>
<record
    xmlns:xsi="http://www.w3.org/2001/XMLSchema-instance"
    xsi:schemaLocation="http://www.loc.gov/MARC21/slim http://www.loc.gov/standards/marcxml/schema/MARC21slim.xsd"
    xmlns="http://www.loc.gov/MARC21/slim">

  <leader>01924nab a2200253uuc4500</leader>
  <controlfield tag="001">1542137</controlfield>
  <controlfield tag="005">20240202134030.0</controlfield>
  <controlfield tag="008">200220e20190105                    spa  </controlfield>
  <datafield tag="035" ind1=" " ind2=" ">
    <subfield code="a">1542137</subfield>
  </datafield>
  <datafield tag="040" ind1=" " ind2=" ">
    <subfield code="c">comduadb</subfield>
  </datafield>
  <datafield tag="041" ind1=" " ind2=" ">
    <subfield code="a">spa</subfield>
  </datafield>
  <datafield tag="100" ind1="1" ind2="0">
    <subfield code="a">Barrera Rojas, Miguel &#xC1;ngel</subfield>
    <subfield code="4">aut</subfield>
    <subfield code="e">aut</subfield>
    <subfield code="9">796742</subfield>
  </datafield>
  <datafield tag="245" ind1="1" ind2="0">
    <subfield code="a">Desigualdad y pobreza extrema en mujeres ind&#xED;genas mayas en Quintana Roo, M&#xE9;xico</subfield>
  </datafield>
  <datafield tag="520" ind1="3" ind2=" ">
    <subfield code="a">Este trabajo presenta resultados de investigaci&#xF3;n en torno a las condiciones de pobreza que se suscitan en la Zona Maya de Quintana Roo, M&#xE9;xico, en el caso de las mujeres. Para el desarrollo metodol&#xF3;gico, se replic&#xF3; la variable Ingreso Corriente de la Encuesta Nacional de Ingreso y Gasto de los Hogares en M&#xE9;xico y se realiz&#xF3; trabajo de campo en localidades de dos municipios de esta zona. Se contrastaron los datos recabados contra tres indicadores de pobreza: L&#xED;nea de pobreza extrema propuesta por Banco Mundial, la L&#xED;nea de bienestar m&#xED;nimo y la L&#xED;nea de bienestar propuesta por el Consejo Nacional de Evaluaci&#xF3;n de la Pol&#xED;tica de Desarrollo Social. Finalmente, se presentan resultados donde se evidencia que existen condiciones de pobreza extrema en la poblaci&#xF3;n objeto de estudio y que las mujeres tienen ingresos muy por debajo y desiguales en comparaci&#xF3;n a los hombres, los cuales se encuentran soportados principalmente por dinero proveniente de programas de combate a la pobreza.</subfield>
  </datafield>
  <datafield tag="650" ind1=" " ind2=" ">
    <subfield code="a">Mujeres ind&#xED;genas - M&#xE9;xico</subfield>
    <subfield code="9">129003</subfield>
  </datafield>
  <datafield tag="650" ind1=" " ind2=" ">
    <subfield code="a">Pobreza - M&#xE9;xico</subfield>
    <subfield code="9">4980</subfield>
  </datafield>
  <datafield tag="650" ind1=" " ind2=" ">
    <subfield code="a">Desigualdad econ&#xF3;mica</subfield>
    <subfield code="9">37273</subfield>
  </datafield>
  <datafield tag="650" ind1=" " ind2="7">
    <subfield code="a">Pol&#xED;tica social</subfield>
    <subfield code="2">embne</subfield>
    <subfield code="9">159291</subfield>
  </datafield>
  <datafield tag="700" ind1="1" ind2="0">
    <subfield code="a">S&#xE1;nchez Carballo, Alfredo</subfield>
    <subfield code="4">aut</subfield>
    <subfield code="e">aut</subfield>
    <subfield code="9">796329</subfield>
  </datafield>
  <datafield tag="700" ind1="1" ind2="0">
    <subfield code="a">Ruiz Sanchez, Joel</subfield>
    <subfield code="4">aut</subfield>
    <subfield code="e">aut</subfield>
    <subfield code="9">608476</subfield>
  </datafield>
  <datafield tag="700" ind1="1" ind2="0">
    <subfield code="a">Ruiz Guevara, Natalia</subfield>
    <subfield code="4">aut</subfield>
    <subfield code="e">aut</subfield>
    <subfield code="9">794844</subfield>
  </datafield>
  <datafield tag="773" ind1="0" ind2=" ">
    <subfield code="t">Revista de Ciencias Sociales (San Jos&#xE9;)</subfield>
    <subfield code="g">N&#xFA;mero 163, Enero-Marzo de 2019, p. 45-68</subfield>
    <subfield code="w">200521</subfield>
    <subfield code="x">0482-5276</subfield>
    <subfield code="0">84842</subfield>
  </datafield>
  <datafield tag="942" ind1=" " ind2=" ">
    <subfield code="c">ARIMP</subfield>
  </datafield>
  <datafield tag="999" ind1=" " ind2=" ">
    <subfield code="c">821953</subfield>
    <subfield code="d">821953</subfield>
  </datafield>
</record>
